| 000 | 00933nam a2200289 i 4500 | ||
|---|---|---|---|
| 001 | 000010433 | ||
| 003 | DO-SdBNP | ||
| 005 | 20240412074218.0 | ||
| 007 | ta | ||
| 008 | 091007s1988 dr r 001 p spa d | ||
| 040 |
_aDO-SdBNP _bspa _cBNPHU _erda |
||
| 041 | _hspa | ||
| 082 | 4 |
_aRD861.44 _bJ58i _222 |
|
| 100 | 1 |
_aJesús, Dionisio de, _d1959- _925423 _erda |
|
| 245 | 1 | 3 |
_aLa infinita presencia de la sangre / _cDionisio De Jesús. |
| 264 |
_aSanto Domingo : _bCentenario, _c1988. |
||
| 300 |
_a76 páginas : _bilustraciones, _c21 cm. |
||
| 336 |
_2rdacontent _atexto _btxt |
||
| 337 |
_2rdamedia _asin mediación _bn |
||
| 338 |
_2rdacarrier _avolumen _bnc |
||
| 500 | _aIncluye datos biográficos del autor en la solapa de la cubierta. | ||
| 590 | _aInventariado, 2018 /BT | ||
| 650 | 0 |
_aPoesía dominicana _966 |
|
| 650 | 0 |
_aLiteratura dominicana. _967 |
|
| 910 | _aValidado. Control de calidad.MFF | ||
| 942 |
_2ddc _cLBS1 |
||
| 999 |
_c10192 _d10192 |
||